| 000 | 00891cam a2200241 4500 | ||
|---|---|---|---|
| 001 | ABS64099 | ||
| 008 | 000000n2001 000 0 eng u | ||
| 035 | _a(Sirsi) u113554 | ||
| 100 | _aGreen, B. | ||
| 245 | _aRegional differences are a real cause for concern | ||
| 260 | _c2001 | ||
| 490 |
_aConstruction News _v(6722) 28 June 2001, 13(1) |
||
| 520 | _aWarns that, whilst growth is set to continue steadily for the next four years, the trend in construction is not uniform across all regions. Suggests that the construction industry is in recession in the North, East Midlands, Yorkshire and Humberside and Wales. Tables, graphs. | ||
| 590 | _aABS | ||
| 650 | _aCONSTRUCTION INDUSTRY | ||
| 650 | _aCONSTRUCTION OUTPUT | ||
| 650 | _aGROWTH | ||
| 650 | _aRECESSION | ||
| 650 | _aREGIONS | ||
| 650 | _aTRENDS | ||
| 690 | _aBUILT ENVIRONMENT-CONSTRUCTION MARKET | ||
| 942 | _n0 | ||
| 999 |
_c67646 _d67646 |
||